000
00343nam a2200145Ia 4500
100
_a
Tanenbaum /Andrew S.
942
_c
BK
654
_a
Modern operating systems
245
_a
Modern Operating Systems 3rd revied
260
_b
Prentice Hall
_a
New Delhi
_c
1995
082
_a
5.43
_b
TAN
300
_a
728
546
_a
ENGLISH
999
_c
33495
_d
33495